000 006700000a22002050004500
090 _aAR
_b03810
245 1 0 _aThree unusual species of Paracles fron South America (Lepidoptera: Arctiidae)
650 1 4 _aEntomología
_94483
650 1 4 _aTaxonomía animal
_98245
650 1 4 _aNuevas especies
_992905
650 1 4 _aDistribución geográfica
_992997
651 4 _pAmérica del Sur
_992749
653 _gParacles
_eParacles minuta
653 _gParacles
_eParacles diminuta
041 0 _aInglés
700 1 _aMiller, Scott E.
_954484
100 1 _aBecker, Vitor O.
_997612
942 _cARTICULO
773 1 _tJournal of Research on the Lepidoptera
_h4
_q283-288
_d1989
_g28
999 _c12845
_d12845